000 00760nam a2200265Ia 4500
003 OSt
005 20220926021009.0
006 a|||||r|||| 00| 0
007 ta
008 220923b |||||||| |||| 00| 0 eng d
020 _a0312123140
037 _cGeneral Book
040 _aRTL
_cRTL
_beng
041 _2eng
_aeng
082 _aX9(D65).42.N9, N5
100 _aMiyazaki Kumiko
_9325542
245 0 _aBuilding competences in the firm
_b Lessons from Jap
260 _aNew York
_bSt. Martin Press
_c1995
300 _axv, 321p
_ccm.
500 _aBibliography: P 305-13
650 _a Electronics
650 _aIndustrial Economics
942 _hX9(D65).42.N9, N5
_cGB
_2CC
999 _c635426
_d635426